00282 a2200097 450000100060000008200150000610000220002124500710004326000570011430000130017163284 a297.63 WAH aAbdul Waheed Khan aThe Personality of Allah's Last Messanger Muhammad (PBUH)hEnglish aPakistanbThe World Muslim Congress Bait Ummah Trust axv, 82 p